000 004710000a22001810004500
003 MACL
005 20151216140326.0
008 151216b xxu||||| |||| 00| 0 eng d
040 _aMACL
_cMACL
041 _aEnglish
082 _a030/BRI
100 _aEncyclopaedia Britannica Inc
_920392
245 _aBritannica Concise Encyclopedia
260 _bEncyclopaedia Britannica Inc
_c2002
350 _a2995
650 _aEncyclopaedia
_920393
942 _cBK
_k030/BRI
_2ddc
999 _c40288
_d40288